000 00807nam a2200265 i 4500
001 000044352
003 DO-SdBNP
005 20250513090653.0
007 ta
008 250429s200? dr 001 0 spa d
020 _a9789945509472
040 _aDO-SdBNP
_bspa
_cBNPHU
_erda
041 _hspa
082 _axxxxxx
_bD291
_222
245 0 _aDecálogo para la promoción de una participación política incluyente desde una perspectiva LGBTIQ+ :
_bsumario
264 _aSanto Domingo :
_bCaribe Afirmativo,
_cfecha no determinada
300 _apaginación variada. ;
_c22 cm.
336 _ardacontent
_btexto
_2txt
337 _ardamedia
_bsin mediación
_2n
338 _ardacarrier
_bvolumen
_2nc
500 _aContiene sumario
590 _aInventariado,2025/DG
910 _aDG
942 _2ddc
_cLF2
999 _c59019
_d59019